header

Introductory linguistics for speech and language therapy practice (Record no. 10115)

MARC details
000 -LEADER
fixed length control field 01401nam a2200349 a 4500
001 - CONTROL NUMBER
control field ebr10692101
003 - CONTROL NUMBER IDENTIFIER
control field CaPaEBR
006 - FIXED-LENGTH DATA ELEMENTS--ADDITIONAL MATERIAL CHARACTERISTICS--GENERAL INFORMATION
fixed length control field m u
007 - PHYSICAL DESCRIPTION FIXED FIELD--GENERAL INFORMATION
fixed length control field cr cn|||||||||
008 - FIXED-LENGTH DATA ELEMENTS--GENERAL INFORMATION
fixed length control field 130102s2013 enka sb 001 0 eng d
010 ## - LIBRARY OF CONGRESS CONTROL NUMBER
Canceled/invalid LC control number 2012047723
020 ## - INTERNATIONAL STANDARD BOOK NUMBER
Cancelled/invalid ISBN 9780470671108 (pbk. : alk. paper)
Cancelled/invalid ISBN 9781118571958 (e-book)
040 ## - CATALOGING SOURCE
Original cataloging agency CaPaEBR
Transcribing agency CaPaEBR
035 ## - SYSTEM CONTROL NUMBER
System control number (OCoLC)842886362
050 14 - LIBRARY OF CONGRESS CALL NUMBER
Classification number RC428.5
Item number .M42 2013eb
082 04 - DEWEY DECIMAL CLASSIFICATION NUMBER
Classification number 616.85/50068
Edition number 23
100 1# - MAIN ENTRY--PERSONAL NAME
Personal name McAllister, Jan.
245 10 - TITLE STATEMENT
Title Introductory linguistics for speech and language therapy practice
Medium [electronic resource] /
Statement of responsibility, etc Jan McAllister, Jim Miller.
260 ## - PUBLICATION, DISTRIBUTION, ETC. (IMPRINT)
Place of publication, distribution, etc Chichester, West Sussex [England] ;
-- Malden, Mass. :
Name of publisher, distributor, etc Wiley/Blackwell,
Date of publication, distribution, etc 2013.
300 ## - PHYSICAL DESCRIPTION
Extent viii, 351 p. :
Other physical details ill.
504 ## - BIBLIOGRAPHY, ETC. NOTE
Bibliography, etc Includes bibliographical references and index.
533 ## - REPRODUCTION NOTE
Type of reproduction Electronic reproduction.
Place of reproduction Palo Alto, Calif. :
Agency responsible for reproduction ebrary,
Date of reproduction 2013.
Note about reproduction Available via World Wide Web.
-- Access may be limited to ebrary affiliated libraries.
650 #0 - SUBJECT ADDED ENTRY--TOPICAL TERM
Topical term or geographic name as entry element Speech therapy
General subdivision Practice.
Topical term or geographic name as entry element Speech therapists.
Topical term or geographic name as entry element Linguistics
General subdivision Study and teaching.
Topical term or geographic name as entry element Language disorders
General subdivision Treatment.
655 #7 - INDEX TERM--GENRE/FORM
Genre/form data or focus term Electronic books.
Source of term local
700 1# - ADDED ENTRY--PERSONAL NAME
Personal name Miller, Jim.
710 2# - ADDED ENTRY--CORPORATE NAME
Corporate name or jurisdiction name as entry element ebrary, Inc.
856 40 - ELECTRONIC LOCATION AND ACCESS
Uniform Resource Identifier <a href="http://site.ebrary.com/lib/rucke/Doc?id=10692101">http://site.ebrary.com/lib/rucke/Doc?id=10692101</a>
Public note An electronic book accessible through the World Wide Web; click to view

No items available.

© 2026 Rongo University
Contact us: librarian | system librarian | Rongo university